Forces and energy
| Main Author: | |
|---|---|
| Format: | Book |
| Published: |
Chicago :
J.G.Ferguson publishing company ,
1996
|
| Series: | New science library
|
| Subjects: |
MARC
| LEADER | 00000cam a2200000 7i4500 | ||
|---|---|---|---|
| 001 | 0000063274 | ||
| 005 | 20160524.0 | ||
| 008 | 160524 | ||
| 020 | |a 089434160X (set) | ||
| 090 | 0 | 0 | |a 500 |b LAF |
| 100 | 1 | |a Kerrod,Robin | |
| 245 | 1 | 0 | |a Forces and energy |c Robin Kerrod |
| 260 | |a Chicago : |b J.G.Ferguson publishing company , |c 1996 | ||
| 490 | 1 | |a New science library | |
| 650 | 0 | |a Physical sciences--juvenile literature | |
| 650 | 0 | |a Science--juvenile literature | |
| 999 | |a 0000576506 |b Book |c Adult Collection |e Cawangan Muar | ||
| 999 | |a 0000576525 |b Book |c Adult Collection |e Cawangan Pontian | ||